Представление документа в формате MARC21

Поле Инд. ПП Название Значение
Тип записи a
Библиографический уровень m
001 Контрольный номер 1840afa2e47347d2b51f80acfb911161
005 Дата корректировки 20240628115552.4
040 a Служба первич. каталог. 10013504
b Код языка каталог. eng
e Правила каталог. PSBO
041 0_ a Код языка текста eng
080 a Индекс УДК 94(470+571)
090 r Идентификатор организации 10013504
a Полочн. индекс 94(Р)
x Авторский знак A 53
242 10 a Перевод заглавия Иллюстрированная история СССР
245 10 a Заглавие An illustrated history of the USSR
260 a Место издания M.
b Издательство Novosti Press Agency Pablishing House
c Дата издания [1977]
300 a Объем 191 p.
b Иллюстрации/ тип воспроизводства ill.
520 0_ a Аннотация The Union of Soviet Socialist Republics (USSR), the worlds largest country, covers an area of 22.4 million square kilometres, which is one-sixth of the land mass of the earth. It extends over half of Europe and one-third of Asia.Three-quarters of the country (16.8 million square kilometres) are situated in Asia and one-quarter (5.6 million square kilometres), in Europe. The population of the Soviet Union is 258 million, thus accounting for six per cent of the world’s population. The country is inhabited by more than one hundred nations and nationalities. The USSR is a voluntary federative association of 15 equal Soviet Socialist Republics. The Union Republics, which are inhabited by many nationalities, have Autonomous Republics, Autonomous Regions, and National Areas within them.
653 0_ a Ключевые слова ИСТОРИЯ СССР; АНГЛИЙСКИЙ ЯЗЫК
700 12 a Другие авторы Pashuto V.T.
700 12 a Другие авторы Itenberg B.
700 12 a Другие авторы Tarnovsky K.
700 12 a Другие авторы at al.
900 a Имя макрообъекта Обложка. An Illustrated History of the USSR
901 t Тип документа m
952 a Тип литературы для КСУ ВШ КНпР